| 000 | 00742nam a2200241 i 4500 | ||
|---|---|---|---|
| 003 | DO-SdBNP | ||
| 005 | 20240206091611.0 | ||
| 006 | a||||gr|||| 00| 0 | ||
| 007 | ta | ||
| 008 | 230908n200? dr ||||| |||| 00| 0 spa d | ||
| 040 |
_aDO-SdBNP _bspa _cBNPHU _erda |
||
| 082 | 4 |
_222 _bP832d |
|
| 245 | 0 | 0 |
_a"Por el desarrollo humano": _bproyecto educativo de centro / |
| 264 |
_a[sin lugar identificado] : _bBabeque Secundaria, _c[200?] |
||
| 300 |
_a88 páginas ; _c28 cm. |
||
| 336 |
_2rdacontent _atexto _btxt |
||
| 337 |
_2rdamedia _asin mediación _bn |
||
| 338 |
_2rdacarrier _avolumen _bnc |
||
| 504 | _aBibliografía: página 82 | ||
| 590 | _aInventariado 2023 / MF | ||
| 710 | 2 |
_aBabeque (Republica Dominicana) _955170 |
|
| 942 |
_2ddc _cLBS1 |
||
| 999 |
_c54663 _d54663 |
||